000
00309nam a2200121Ia 4500
008
220204s9999 xx 000 0 und d
082
_a
632.51(540):016
_b
GUP
100
_a
GUPTA, R K
245
0
_a
Bibliography of Indian weeds
260
_a
Delhi
_b
Associated Pub
_c
1983
700
_a
MITTAL, R K
942
_c
BK
999
_c
38345
_d
38345